Giáo trình tiếng Hoa sơ cấp 1

Сохранить в:
Библиографические подробности
Формат:
Опубликовано: 2004
Метки: Добавить метку
Нет меток, Требуется 1-ая метка записи!
Thư viện lưu trữ: Mạng thư viện Đại học Đà Nẵng
LEADER 00460nam a22001811a 4500
001 000036758
003 13053
005 20160412014922.0
008 160412s2004 000
082 |a 4H(07)165-66 
245 |a Giáo trình tiếng Hoa sơ cấp 1  |c Trường ĐHNN Bắc Kinh 
260 |c 2004 
OWN |a LNN 
999 |a From the UDN01 
TYP |a Monograph 
980 |a Mạng thư viện Đại học Đà Nẵng